| 000 | 00535nam a22001337a 4500 | ||
|---|---|---|---|
| 040 | _cRUA | ||
| 082 | _aVEM KEO 2015 B485 Or.1 | ||
| 100 | _aKEO THOL; កែវ ថុល | ||
| 245 | _aEffect of levamisol in toxocara vitulolum on calf in bati district, takeo province, ប្រសិទ្ធភាព LEVAMISON ទៅលើ TOXOCARA VITULOLUM លើកូនគោនៅស្រុកបាទី ខេត្តតាកែវ | ||
| 260 |
_aRUA _bKEO _c2015 |
||
| 300 |
_ax,38p. _bill. _c29cm. |
||
| 856 | _u KEO THOL | ||
| 942 | _cVEM | ||
| 999 |
_c10446 _d10446 |
||